000 00561nam a2200205Ia 4500
005 20250508150237.0
008 008 250505s9999 xx 000 0 eng d
037 _aTextual
040 _aFEDL
_beng
_cFEDL
041 _aeng
_2eng
084 _a150.195, ADL
_qFEDL
100 _aAdler Gerhard
245 0 _aStudy in analytical psychology
260 _aLondon, UK
_bRoutledge and Kegan Paul Limited
_c1948
300 _avii,214p
365 _aINR
_b15
650 _aPsychology
942 _cTEXL
_h150.195, ADL
999 _c1322600
_d1322600